[Event "BRA-ch Amateur U1600"]
[Site "Sao Paulo"]
[Date "2019.06.20"]
[Round "1"]
[White "De Lima, Joel Maximino"]
[Black "De Souza, Paulo H Pinheiro"]
[Result "0-1"]
[WhiteElo "1384"]
[BlackElo "1581"]
[PlyCount "40"]
[EventDate "2019.06.20"]
[EventType "swiss"]
[EventRounds "7"]
[EventCountry "BRA"]
[SourceTitle "CBM 195 Extra"]
[Source "ChessBase"]
[SourceDate "2020.05.31"]
[SourceVersion "1"]
[SourceVersionDate "2020.05.31"]
[SourceQuality "1"]

1. Nh3 e5 2. g3 d5 3. f4 Bxh3 4. Bxh3 exf4 5. 0-0 fxg3 6. hxg3 Bd6 7. e3 Qg5 8. g4 Qh4 9. Qf3 Nf6 10. Qg2 h5 11. g5 Ne4 12. g6 f6 13. Bc8 Rh6 14. Bf5 c6 15. d3 Ng3 16. e4 Bc5+ 17. Rf2 Bxf2+ 18. Kxf2 Nxf5+ 19. Kg1 Qe1+ 20. Qf1 Rxg6+ 0-1

[Event "BRA-ch North-Northeast U1800"]
[Site "Fortaleza"]
[Date "2019.04.28"]
[Round "5.13"]
[White "De Souza, Paulo H Pinheiro"]
[Black "De Aguiar, Andre Wescley"]
[Result "0-1"]
[WhiteElo "1630"]
[BlackElo "1524"]
[PlyCount "65"]
[EventDate "2019.04.26"]
[EventType "swiss"]
[EventRounds "6"]
[EventCountry "BRA"]
[SourceTitle "EXT 2022"]
[Source "ChessBase"]
[SourceDate "2021.10.06"]
[SourceVersion "1"]
[SourceVersionDate "2021.10.06"]
[SourceQuality "1"]

1. c4 Nf6 2. Nc3 e6 3. g3 d5 4. Bg2 Be7 5. d4 c6 6. e4 dxe4 7. Nxe4 Nxe4 8. Bxe4 Nd7 9. Ne2 Nf6 10. Bc2 0-0 11. 0-0 b6 12. Be3 Ba6 13. b3 Qc7 14. c5 Rad8 15. Qe1 Rd7 16. b4 Bxe2 17. Qxe2 Nd5 18. Bd2 Bf6 19. Qe4 g6 20. a3 Ne7 21. Bf4 Qc8 22. Bd6 Rfd8 23. g4 Qb7 24. f4 Nc8 25. f5 Nxd6 26. cxd6 Rxd6 27. fxg6 Bxd4+ 28. Kh1 fxg6 29. Rad1 e5 30. g5 R8d7 31. Bb3+ Kg7 32. Qh4 c5+ 33. Bd5 0-1

[Event "BRA-ch North-Northeast U1800"]
[Site "Fortaleza"]
[Date "2019.04.26"]
[Round "2.12"]
[White "De Souza, Paulo H Pinheiro"]
[Black "Lira, Carlan Amorim"]
[Result "0-1"]
[WhiteElo "1630"]
[BlackElo "1689"]
[PlyCount "44"]
[EventDate "2019.04.26"]
[EventType "swiss"]
[EventRounds "6"]
[EventCountry "BRA"]
[SourceTitle "EXT 2022"]
[Source "ChessBase"]
[SourceDate "2021.10.06"]
[SourceVersion "1"]
[SourceVersionDate "2021.10.06"]
[SourceQuality "1"]

1. c4 f5 2. Nc3 Nf6 3. d3 e6 4. Nf3 Be7 5. g3 b6 6. Bg2 Bb7 7. 0-0 0-0 8. b3 a5 9. Bb2 Qe8 10. Nb5 Na6 11. Be5 d6 12. Bb2 e5 13. d4 e4 14. Ng5 Bc8 15. e3 Ng4 16. Nh3 Qh5 17. Qd2 Bd7 18. a3 c6 19. Nc3 Nc7 20. f3 exf3 21. Rxf3 Ne6 22. Bh1 Qxh3 0-1

[Event "Florianopolis op 4th"]
[Site "Florianopolis"]
[Date "2018.01.22"]
[Round "6"]
[White "Carstens Dobuchak, Thiago"]
[Black "De Souza, Paulo H Pinheiro"]
[Result "1-0"]
[WhiteElo "2007"]
[BlackElo "1603"]
[PlyCount "45"]
[EventDate "2018.01.19"]
[EventType "swiss"]
[EventRounds "10"]
[EventCountry "BRA"]
[SourceTitle "EXT 2019"]
[Source "ChessBase"]
[SourceDate "2018.10.10"]
[SourceVersion "1"]
[SourceVersionDate "2018.10.10"]
[SourceQuality "1"]

1. e4 c6 2. d4 d5 3. e5 Bf5 4. h4 h6 5. g4 Be4 6. f3 Bg6 7. h5 Bh7 8. e6 fxe6 9. Bd3 Qd6 10. Bxh7 Rxh7 11. Qd3 Rh8 12. f4 Nd7 13. Qg6+ Kd8 14. Nf3 e5 15. fxe5 Qxg6 16. hxg6 e6 17. Ng5 hxg5 18. Rxh8 Nh6 19. Bxg5+ Kc7 20. Nc3 Be7 21. Rxa8 Bxg5 22. Ke2 Nxg4 23. Rg1 1-0

[Event "Florianopolis op 4th"]
[Site "Florianopolis"]
[Date "2018.01.20"]
[Round "3"]
[White "De Souza, Paulo H Pinheiro"]
[Black "Hille, Waltercler Jr"]
[Result "0-1"]
[WhiteElo "1603"]
[BlackElo "1864"]
[PlyCount "96"]
[EventDate "2018.01.19"]
[EventType "swiss"]
[EventRounds "10"]
[EventCountry "BRA"]
[SourceTitle "CBM 182 Extra"]
[Source "ChessBase"]
[SourceDate "2018.02.23"]
[SourceVersion "1"]
[SourceVersionDate "2018.02.23"]
[SourceQuality "1"]

1. c4 Nf6 2. Nc3 e6 3. g3 Bb4 4. Bg2 0-0 5. Nf3 Re8 6. 0-0 d5 7. d3 h6 8. Qb3 Bf8 9. Qc2 Nbd7 10. b3 c6 11. Rb1 b6 12. b4 Bb7 13. c5 e5 14. e4 d4 15. Ne2 Rb8 16. Ba3 g6 17. Qc4 Bg7 18. Bc1 Qe7 19. Nh4 Kh7 20. f4 Ng4 21. Nf3 f6 22. h3 Ne3 23. Bxe3 dxe3 24. fxe5 fxe5 25. Nh4 Nf6 26. Rf3 Rbd8 27. Rxe3 Rd7 28. Bf3 Red8 29. Bg2 Nh5 30. Rf1 Nxg3 31. Rxg3 Qxh4 32. Qe6 g5 33. Rg4 Qh5 34. Nc1 Qg6 35. Qxg6+ Kxg6 36. h4 Bf6 37. h5+ Kxh5 38. Rxf6 Kxg4 39. Rxh6 Rf7 40. Bh3+ Kf4 41. Rg6 Ba6 42. b5 Bxb5 43. Bf5 Bxd3 44. Rxc6 Bxe4 45. Bxe4 Rd1+ 46. Kg2 Rxc1 47. cxb6 Rxc6 48. Bxc6 axb6 0-1

[Event "Florianopolis op 4th"]
[Site "Florianopolis"]
[Date "2018.01.19"]
[Round "1"]
[White "De Souza, Paulo H Pinheiro"]
[Black "Terra, Enzo Schneider"]
[Result "1-0"]
[WhiteElo "1603"]
[BlackElo "1237"]
[PlyCount "39"]
[EventDate "2018.01.19"]
[EventType "swiss"]
[EventRounds "10"]
[EventCountry "BRA"]
[SourceTitle "CBM 182 Extra"]
[Source "ChessBase"]
[SourceDate "2018.02.23"]
[SourceVersion "1"]
[SourceVersionDate "2018.02.23"]
[SourceQuality "1"]

1. c4 g6 2. Nf3 d6 3. g3 Bg7 4. Bg2 Nf6 5. Nc3 0-0 6. b3 c5 7. Bb2 Bf5 8. d3 Qc8 9. Qd2 Nc6 10. 0-0 Bh3 11. Nd1 Bxg2 12. Kxg2 Re8 13. a3 a5 14. Nc3 Nd7 15. Nd5 e6 16. Bxg7 exd5 17. Qh6 f6 18. cxd5 Ne7 19. e4 Ne5 20. Bxf6 1-0